Úvod do problematiky riadenia ľudských zdrojov

Bibliographic Details
Main Author: Repková, Kvetoslava, 1959- (Author)
Format: Article
Language:Slovak
PhysicalDescription:Obr.
Subjects:

MARC

LEADER 00000nab a2200000 a 4500
001 vtls000667166
003 SK-MaSNL
005 20260304173155.0
008 250425c1998 xo 0 slo
015 |a SNBRB1998/09-26648 
035 |a CLN000019348 
035 |a urn:nbn:sk:snk-ab7621 
035 |a (uuid)55c8afaa-ab43-42ef-984c-6014a53219d0 
035 |a (urnnbn)urn:nbn:sk:snk:ar-a0718b 
035 |a (sysno)vtls000667166 
040 |a SNKBUCL  |b slo  |c SNKBUCL  |e AACR2 
041 0 |a slo 
044 |a xo  |c SK 
080 |a 331.101.2  |2 1997 
100 1 |a Repková, Kvetoslava,  |d 1959-  |4 aut  |9 209625 
245 1 0 |a Úvod do problematiky riadenia ľudských zdrojov  |c Kvetoslava Repková 
300 |b Obr. 
650 0 7 |a zdroje ľudské  |x riadenie  |2 snkbucl  |9 854522 
650 0 7 |a personálny manažment  |2 snkbucl  |9 936 
650 0 7 |a manažéri  |2 snkbucl  |9 1758 
650 0 7 |a politika podniková  |2 snkbucl  |9 976034 
655 7 |a články z novín a časopisov  |2 snkbucl  |9 267496 
773 0 |t Mzdy a financie  |g Roč. 5, č. 17-18 (1998), s. 100-103 
850 |a Slovenská národná knižnica 
852 |a Slovenská národná knižnica 
954 |a odborná, vedecká literatúra pôvodná (slovenská)  |2 lita 
958 |a article27 
958 |a SK 
958 |a OND 
958 |a EUIPO 
999 |c 3001921  |d 3003851